000 00595nam a2200217Ia 4500
003 OSt
005 20220926044630.0
006 a|||||r|||| 00| 0
007 ta
008 220923b |||||||| |||| 00| 0 eng d
037 _cGeneral Book
040 _aRTL
_cRTL
_beng
041 _2eng
_aeng
082 _aV2:51.2-542.N6, K2
100 _aMezerik A G Ed.
245 0 _aGoa porteguese colonial policy Indian compaign UN
260 _c1962
650 _aStruggle for Independence
942 _hV2:51.2-542.N6, K2
_cGB
_2CC
999 _c675399
_d675399